Statistical techniques in business & economics with global data sets / (Record no. 11129)
[ view plain ]
| 000 -LEADER | |
|---|---|
| fixed length control field | 02029cam a2200409 i 4500 |
| 001 - CONTROL NUMBER | |
| control field | 14396879 |
| 003 - CONTROL NUMBER IDENTIFIER | |
| control field | EG-ScBUE |
| 005 - DATE AND TIME OF LATEST TRANSACTION | |
| control field | 20241120111413.0 |
| 008 - FIXED-LENGTH DATA ELEMENTS--GENERAL INFORMATION | |
| fixed length control field | 060601t2008 nyua f 001 0 eng d |
| 020 ## - INTERNATIONAL STANDARD BOOK NUMBER | |
| International Standard Book Number | 9780071101516 |
| 020 ## - INTERNATIONAL STANDARD BOOK NUMBER | |
| International Standard Book Number | 007128575X |
| 035 ## - SYSTEM CONTROL NUMBER | |
| System control number | (OCoLC)ocm69734572 |
| 035 ## - SYSTEM CONTROL NUMBER | |
| System control number | (OCoLC)69734572 |
| 040 ## - CATALOGING SOURCE | |
| Original cataloging agency | DLC |
| Language of cataloging | eng |
| Description conventions | rda |
| Transcribing agency | DLC |
| Modifying agency | BAKER |
| -- | C#P |
| -- | BTCTA |
| -- | NLGGC |
| -- | YDXCP |
| -- | DLC |
| 082 04 - DEWEY DECIMAL CLASSIFICATION NUMBER | |
| Classification number | 519.5 |
| Edition number | 22 |
| Item number | LIN |
| 100 1# - MAIN ENTRY--PERSONAL NAME | |
| Personal name | Lind, Douglas A., |
| Relator term | author. |
| 9 (RLIN) | 2873 |
| 245 10 - TITLE STATEMENT | |
| Title | Statistical techniques in business & economics with global data sets / |
| Statement of responsibility, etc | Douglas A. Lind, Coastal Carolina University and the University of Toledo, William G. Marchal, The University of Toledo, Samuel A. Wathen, Coastal Carolina University. |
| 246 3# - VARYING FORM OF TITLE | |
| Title proper/short title | Statistical techniques in business and economics |
| 250 ## - EDITION STATEMENT | |
| Edition statement | Thirteenth edition. |
| 250 ## - EDITION STATEMENT | |
| Edition statement | McGraw- Hill international edition. |
| 264 #1 - PUBLICATION, DISTRIBUTION, ETC. (IMPRINT) | |
| Place of publication, distribution, etc | New York : |
| Name of publisher, distributor, etc | McGraw-Hill/Irwin, |
| Date of publication, distribution, etc | [2008] |
| 264 #4 - PUBLICATION, DISTRIBUTION, ETC. (IMPRINT) | |
| Date of publication, distribution, etc | c2008 |
| 300 ## - PHYSICAL DESCRIPTION | |
| Extent | xvii, 860 pages : |
| Other physical details | color illustrations ; |
| Dimensions | 28 cm |
| 336 ## - CONTENT TYPE | |
| Source | rdacontent |
| Content type term | text |
| Content type code | txt |
| 337 ## - MEDIA TYPE | |
| Media type term | unmediated |
| Source | rdamedia |
| Media type code | n |
| 338 ## - CARRIER TYPE | |
| Carrier type term | volume |
| Carrier type code | nc |
| Source | rdacarrier |
| 500 ## - GENERAL NOTE | |
| General note | Includes index. |
| 650 #7 - SUBJECT ADDED ENTRY--TOPICAL TERM | |
| Topical term or geographic name as entry element | Social sciences |
| General subdivision | Statistical methods. |
| Source of heading or term | BUEsh |
| 9 (RLIN) | 2875 |
| 650 #7 - SUBJECT ADDED ENTRY--TOPICAL TERM | |
| Topical term or geographic name as entry element | Economics |
| General subdivision | Statistical methods. |
| Source of heading or term | BUEsh |
| 9 (RLIN) | 2876 |
| 650 #7 - SUBJECT ADDED ENTRY--TOPICAL TERM | |
| Topical term or geographic name as entry element | Commercial statistics. |
| Source of heading or term | BUEsh |
| 9 (RLIN) | 2877 |
| 655 ## - INDEX TERM--GENRE/FORM | |
| Form subdivision | Reading book |
| 700 1# - ADDED ENTRY--PERSONAL NAME | |
| Personal name | Marchal, William G., |
| Relator term | author. |
| 9 (RLIN) | 2878 |
| 700 1# - ADDED ENTRY--PERSONAL NAME | |
| Personal name | Wathen, Samuel Adam, |
| Relator term | author. |
| 9 (RLIN) | 2879 |
| 856 41 - ELECTRONIC LOCATION AND ACCESS | |
| Materials specified | Table of contents only |
| Uniform Resource Identifier | <a href="http://www.loc.gov/catdir/toc/ecip0614/2006018157.html">http://www.loc.gov/catdir/toc/ecip0614/2006018157.html</a> |
| 942 ## - ADDED ENTRY ELEMENTS (KOHA) | |
| Source of classification or shelving scheme | Dewey Decimal Classification |
| Koha item type | Book - Borrowing |
| Withdrawn status | Lost status | Source of classification or shelving scheme | Damaged status | Not for loan | Collection code | Home library | Current library | Shelving location | Date acquired | Source of acquisition | Total Checkouts | Full call number | Barcode | Date last seen | Date checked out | Cost, replacement price | Koha item type | Price effective from | Total Renewals |
|---|---|---|---|---|---|---|---|---|---|---|---|---|---|---|---|---|---|---|---|
| Dewey Decimal Classification | Baccah | Central Library | Central Library | First floor | 29/03/2009 | Purchase | 6 | 519.5 LIN | 000015730 | 15/07/2025 | 01/11/2015 | 50.00 | Book - Borrowing | ||||||
| Dewey Decimal Classification | Baccah | Central Library | Central Library | First floor | 29/03/2009 | Purchase | 519.5 LIN | 000015731 | 24/08/2022 | CD | DVD - With book | 29/03/2009 | ||||||||
| Dewey Decimal Classification | Baccah | Central Library | Central Library | First floor | 29/03/2009 | Purchase | 11 | 519.5 LIN | 000015739 | 15/07/2025 | 01/04/2021 | Book - Borrowing | 29/03/2009 | 26 | |||||
| Dewey Decimal Classification | Baccah | Central Library | Central Library | First floor | 29/03/2009 | Purchase | 519.5 LIN | 000015733 | 24/08/2022 | CD | DVD - With book | 29/03/2009 | ||||||||
| Dewey Decimal Classification | Baccah | Central Library | Central Library | First floor | 29/03/2009 | Purchase | 519.5 LIN | 000015732 | 15/07/2025 | NB - Book (Non borrowing) | 29/03/2009 | ||||||||
| Dewey Decimal Classification | Baccah | Central Library | Central Library | First floor | 29/03/2009 | Purchase | 519.5 LIN | 000015740 | 24/08/2022 | CD | DVD - With book | 29/03/2009 |